|
|
|
|
| LEADER |
00729nab a2200181 i 4500 |
| 001 |
misc73859 |
| 005 |
20241018095538.0 |
| 008 |
240118s1952 hu o 000 eng d |
| 040 |
|
|
|a SZTE Miscellanea Repozitórium
|b hun
|
| 041 |
|
|
|a eng
|
| 100 |
2 |
|
|a Szent-Györgyi Albert
|
| 245 |
1 |
0 |
|a Contraction in the heart muscle fibre
|h [elektronikus dokumentum] /
|c Szent-Györgyi Albert
|
| 260 |
|
|
|a New York Academy of Medicine
|b New York
|c 1952-01
|
| 300 |
|
|
|a 3-10
|
| 490 |
0 |
|
|a Bulletin of the New York Academy of Medicine
|v 28 No. 1
|
| 561 |
|
|
|a Szent-Györgyi Albert tudományos és egyéb írásai
|
| 695 |
|
|
|a Izom - izomösszehúzódás - szívizomrost
|
| 856 |
4 |
0 |
|u http://misc.bibl.u-szeged.hu/73859/1/szgya_magyar_234.pdf
|z Dokumentum-elérés
|